| 000 | 00371nam a22001457a 4500 | ||
|---|---|---|---|
| 020 | _qPB. | ||
| 040 | _cFIZZA ISHAQ | ||
| 082 |
_a690.00 _bMIK |
||
| 100 |
_aCOTGRAVE, ALISON RILEY MIKE. _990150 |
||
| 245 |
_aCONSTRUCTION TECHNOLOGY / _cMIKE RILEY ALISON COTGRAVE. |
||
| 250 | _a3rd ED. | ||
| 260 |
_aLONDON ; _bPEARSON, _c2002. |
||
| 300 | _a427 P. ; | ||
| 942 |
_2ddc _cBK |
||
| 999 |
_c588508 _d588508 |
||